BUBT Library Online Catalog

The 8051 microcontroller and embedded systems : (Record no. 6316)

000 -LEADER
fixed length control field 01124cam a22003134a 4500
001 - CONTROL NUMBER
control field 14102096
003 - CONTROL NUMBER IDENTIFIER
control field OSt
005 - DATE AND TIME OF LATEST TRANSACTION
control field 20200721114322.0
008 - FIXED-LENGTH DATA ELEMENTS--GENERAL INFORMATION
fixed length control field 050909s2006 njua 001 0 eng
010 ## - LIBRARY OF CONGRESS CONTROL NUMBER
LC control number 2005054446
020 ## - INTERNATIONAL STANDARD BOOK NUMBER
International Standard Book Number 013119402X (alk. paper)
040 ## - CATALOGING SOURCE
Original cataloging agency DLC
Transcribing agency DLC
Modifying agency DLC
-- WaU
042 ## - AUTHENTICATION CODE
Authentication code pcc
050 00 - LIBRARY OF CONGRESS CALL NUMBER
Classification number TJ223.P76
Item number M378 2006
082 00 - DEWEY DECIMAL CLASSIFICATION NUMBER
Classification number 629.8/95
Edition number 22
100 1# - MAIN ENTRY--PERSONAL NAME
Personal name Mazidi, Muhammad Ali.
9 (RLIN) 3274
245 14 - TITLE STATEMENT
Title The 8051 microcontroller and embedded systems :
Remainder of title using Assembly and C /
Statement of responsibility, etc. Muhammad Ali Mazidi, Janice Gillispie Mazidi, Rolin D. McKinlay.
250 ## - EDITION STATEMENT
Edition statement 2nd ed.
260 ## - PUBLICATION, DISTRIBUTION, ETC. (IMPRINT)
Place of publication, distribution, etc. Upper Saddle River, N.J. :
Name of publisher, distributor, etc. Pearson/Prentice Hall,
Date of publication, distribution, etc. 2006.
300 ## - PHYSICAL DESCRIPTION
Extent xiii, 626 p. :
Other physical details ill. ;
Dimensions 27 cm.
500 ## - GENERAL NOTE
General note Includes index.
650 #0 - SUBJECT ADDED ENTRY--TOPICAL TERM
Topical term or geographic name as entry element Programmable controllers.
9 (RLIN) 3275
650 #0 - SUBJECT ADDED ENTRY--TOPICAL TERM
Topical term or geographic name as entry element Microcontrollers.
9 (RLIN) 3276
650 #0 - SUBJECT ADDED ENTRY--TOPICAL TERM
Topical term or geographic name as entry element Embedded computer systems.
9 (RLIN) 3277
700 1# - ADDED ENTRY--PERSONAL NAME
Personal name McKinlay, Rolin D.
9 (RLIN) 1918
906 ## - LOCAL DATA ELEMENT F, LDF (RLIN)
a 7
b cbc
c orignew
d 1
e ocip
f 20
g y-gencatlg
942 ## - ADDED ENTRY ELEMENTS (KOHA)
Source of classification or shelving scheme
Koha item type Books

No items available.

More Information About Library

Library Hours

  • Open: 9.00 am. to 9.00 pm.
  • Only Sunday: 9.00 am. to 6.00 pm.
  • Closed: Holiday

Contact to the University

Bangladesh University of Business and Technology Library

  • Mirpurl-2, 1216.
  • Phone:
  • Fax:
  • E-Mail: admin.library@bubt.edu.bd

Contact to the Library

Contact Person:

Md. Abdul Hakim Shah
Joint Librarian
PABX No:  113
Cell No: 01816332931
E-mail: official: admin.library@bubt.edu.bd
Personal: hakim.shah@bubt.edu.bd


BUBT Library

Copyright © 2021